000 00431nam a22001697a 4500
005 20160615110716.0
008 160615b xxu||||| |||| 00| 0 eng d
020 _a0-7619-3214-3
041 _aeng
082 _b7702
100 _aPadmenand V & patel V.G.
_91963
245 _aManeging indias small industrial economy
260 _aNew Delhi
_bResponse Books,
_c2004
300 _a183
650 _aManagement
_9241
942 _cBK
999 _c2751
_d2750